Ballon d'Or Top10 since 2013 - Statistics

General Stats
  • This quiz has been taken 16,603 times
    929 since last reset
  • The average score is 35 of 57
Answer Stats
Answer % Correct
Cristiano Ronaldo
100%
Lionel Messi
100%
Luka Modric
95%
Karim Benzema
94%
Ousmane Dembélé
93%
Rodri
93%
Neymar
91%
Vinicius Jr
90%
Erling Haaland
89%
Kylian Mbappé
89%
Lamine Yamal
88%
Robert Lewandowski
88%
Virgil van Dijk
85%
Andrés Iniesta
84%
Mohamed Salah
83%
Manuel Neuer
82%
Sadio Mané
80%
Franck Ribéry
78%
Luis Suárez
78%
Vitinha
77%
Toni Kroos
75%
Antoine Griezmann
72%
Kevin De Bruyne
71%
Raphinha
70%
Arjen Robben
68%
Jude Bellingham
66%
Sergio Ramos
66%
Gareth Bale
65%
Harry Kane
65%
Thomas Müller
59%
Gianluigi Buffon
55%
Gianluigi Donnarumma
54%
Achraf Hakimi
53%
Jorginho
52%
Thibaut Courtois
52%
N'Golo Kanté
51%
Nuno Mendes
49%
Bernardo Silva
48%
Zlatan Ibrahimovic
48%
Alisson
46%
Dani Carvajal
46%
Eden Hazard
45%
Lautaro Martínez
42%
Philipp Lahm
39%
Cole Palmer
38%
Ángel Di María
37%
Gianluigi Donnarumma
36%
Raphaël Varane
33%
Pepe
31%
Riyad Mahrez
30%
James Rodríguez
29%
Jamie Vardy
27%
Andrea Pirlo
24%
Robin Van Persie
23%
Julian Alvarez
22%
Alexis Sánchez
21%
Victor Osimhen
12%
No matching quizzes found
Score Distribution
Percent of People with Each Score
Percentile by Number Answered
Your Score History
You have not taken this quiz since the last reset